000 00667nam a2200229Ia 4500
003 OSt
005 20220923225730.0
006 a|||||r|||| 00| 0
007 ta
008 220922b |||||||| |||| 00| 0 ben d
024 _a274,274
037 _cTextual
040 _aARTS
_cARTS
_bben
041 _2ben
_aben
082 _aO157,1M61x, 153K2
100 _aਟੈਗੋਰ, ਰਵਿੰਦ੍ਰਨਾਥ
_9156365
245 0 _aਰਾFਟਰਵਾਦ
260 _c1962
650 _aਬੰਗਾਲੀ ਸਾਹਿਤ
942 _hO157,1M61x, 153K2
_cTEXL
_2CC
999 _c380038
_d380038